[Event "Sterlitamak-ch U13"]
[Site "Sterlitamak"]
[Date "2016.04.30"]
[Round "11.1"]
[White "Denisov, Ilya"]
[Black "Litvinov, Dmitri"]
[Result "0-1"]
[WhiteElo "1275"]
[BlackElo "1448"]
[PlyCount "106"]
[EventDate "2016.04.11"]
[EventType "tourn"]
[EventRounds "11"]
[EventCountry "RUS"]
[SourceTitle "EXT 2022"]
[Source "ChessBase"]
[SourceDate "2021.10.06"]
[SourceVersion "1"]
[SourceVersionDate "2021.10.06"]
[SourceQuality "1"]

1. c4 e6 2. g3 Nf6 3. Bg2 Be7 4. Nf3 Nc6 5. Nc3 b6 6. 0-0 Bb7 7. d3 0-0 8. Bg5 h6 9. Bf4 d6 10. Bd2 Qd7 11. Qa4 Rfd8 12. Be3 Bf8 13. Nd4 d5 14. cxd5 Nxd5 15. Nxd5 exd5 16. Nxc6 Bxc6 17. Qc2 Bb7 18. Bf4 Bd6 19. Bxd6 Qxd6 20. Rfd1 Rac8 21. e4 dxe4 22. dxe4 Qe7 23. Rxd8+ Rxd8 24. f3 c5 25. Rd1 Bc6 26. Bf1 Rxd1 27. Qxd1 Qd7 28. Qxd7 Bxd7 29. f4 Kf8 30. Kf2 Ke7 31. Ke3 Kd6 32. Bg2 f6 33. a3 Bb5 34. Kf2 a5 35. Bf1 Bxf1 36. Kxf1 c4 37. Ke2 Kc5 38. Ke3 b5 39. Kd2 Kd4 40. e5 fxe5 41. fxe5 Kxe5 42. Ke3 Kd5 43. h4 g6 44. g4 Ke5 45. Kf3 Kd4 46. Kf4 b4 47. axb4 axb4 48. Kf3 c3 49. bxc3+ bxc3 50. Ke2 Ke4 51. Kd1 Kd3 52. Kc1 c2 53. g5 h5 0-1

[Event "Sterlitamak-ch U13"]
[Site "Sterlitamak"]
[Date "2016.04.15"]
[Round "3.5"]
[White "Denisov, Ilya"]
[Black "Sirotkin, Igor"]
[Result "0-1"]
[WhiteElo "1275"]
[BlackElo "2149"]
[PlyCount "132"]
[EventDate "2016.04.11"]
[EventType "tourn"]
[EventRounds "11"]
[EventCountry "RUS"]
[SourceTitle "EXT 2022"]
[Source "ChessBase"]
[SourceDate "2021.10.06"]
[SourceVersion "1"]
[SourceVersionDate "2021.10.06"]
[SourceQuality "1"]

1. d4 d5 2. Nf3 Bf5 3. Bf4 Nc6 4. Nbd2 Nb4 5. e4 dxe4 6. Ng5 e3 7. Nde4 Qd5 8. f3 h6 9. c4 Qxd4 10. Qxd4 Nc2+ 11. Kd1 Nxd4 12. Kc1 e2 13. Kd2 exf1Q 14. Rhxf1 hxg5 15. Nxg5 Be6 16. Rfe1 0-0-0 17. Kc3 Rh4 18. Bg3 Rh5 19. Nxe6 fxe6 20. Rad1 Ne2+ 21. Kc2 Nxg3 22. Rxd8+ Kxd8 23. Rd1+ Kc8 24. hxg3 Rh2 25. Rd2 g6 26. Kd3 Bh6 27. Re2 Kd7 28. Kd4 Nf6 29. g4 Rh1 30. a3 Kd6 31. c5+ Kc6 32. Rxe6+ Kb5 33. Rxe7 Rd1+ 34. Ke5 Re1+ 35. Kxf6 Rxe7 36. Kxe7 Kxc5 37. Kf6 g5 38. Kg6 Bf8 39. Kxg5 Kd5 40. Kf5 Bg7 41. b3 a5 42. Kg6 Bf8 43. Kf7 Bxa3 44. g5 a4 45. g6 axb3 46. g7 b2 47. g8Q b1Q 48. Kf6+ Kd4 49. Qe6 Bd6 50. g4 Qb5 51. Qe4+ Kc3 52. Qe3+ Qd3 53. Qc1+ Qc2 54. Qxc2+ Kxc2 55. g5 b5 56. Ke6 b4 57. g6 Bf8 58. Kf7 Bh6 59. g7 Bxg7 60. Kxg7 b3 61. f4 b2 62. f5 b1Q 63. f6 Qg1+ 64. Kf8 c6 65. f7 Qa7 66. Kg8 Qxf7+ 0-1